| 000 | 01073nas a2200325 4500 | ||
|---|---|---|---|
| 001 | BR2011002425 | ||
| 003 | BR-BrBNA | ||
| 005 | 20231205115315.0 | ||
| 007 | ta | ||
| 008 | 230509b bl.|||p| |||| 00| 00por d | ||
| 040 |
_aBR-BrBNA _bpor _cBiblioteca Nacional de Agricultura |
||
| 041 | _a(En) | ||
| 072 | _aF07; F60 | ||
| 100 | 1 | _aOliveira, F.Q. | |
| 100 | 1 | _aAndrade Neto, V.F. | |
| 100 | 1 | _aCasali, V.W.D. | |
| 100 | 1 | _aZalis, M. | |
| 100 | 1 | _aKrettli, A.U. | |
| 100 | 1 | _aBrandão, M.G.L. | |
| 245 | 1 | _aIn vitro antimalarial activity of Bidens pilosa L. root extracts correlated with soil conditions | |
| 650 | _aBIDENS PILOSA | ||
| 650 | _aPLANTA MEDICINAL | ||
| 650 | _aFLAVONÓIDE | ||
| 650 | _aACETILENO | ||
| 650 | _aSOLO | ||
| 773 | 0 |
_tRevista Brasileira de Plantas Medicinais (Brazil) _xISSN 1516-0572 _g(May 2008), v. 10(2) p. 111-115 _wBR2011002425 |
|
| 856 | 4 |
_uhttp://www.ibb.unesp.br/servicos/publicacoes/rbpm/pdf_v10_n2_2008/artigo17.pdf _yRecurso eletrônico (PDF) |
|
| 909 |
_a202311 _bLúcia _c55 _dLúcia Elande |
||
| 942 |
_2AGRIS _n0 _cANA |
||
| 999 |
_c213134 _d213134 |
||